La innovación de la educación especial
Guardat en:
| Autors principals: | , , |
|---|---|
| Format: | Llibre |
| Idioma: | espanyol |
| Publicat: |
Jaén
Universidad de Jaén
1997
|
| Matèries: | |
| Etiquetes: |
Afegir etiqueta
Sense etiquetes, Sigues el primer a etiquetar aquest registre!
|
MARC
| LEADER | 00000nam a2200000 a 4500 | ||
|---|---|---|---|
| 001 | UCQ1526 | ||
| 003 | CL-VaPUC | ||
| 005 | 20220315074415.0 | ||
| 008 | 980710e19970000sp 1 spa d | ||
| 082 | 0 | 4 | |a 371.92 |b TOR |2 21 |
| 100 | |a Torres González, José Antonio |e author |9 619053 | ||
| 700 | 1 | |a Román Rayo, Manuel |e author |9 619054 | |
| 700 | 1 | |a Rueda López, Encarnación |e author |9 619055 | |
| 245 | 1 | 3 | |a La innovación de la educación especial |
| 260 | |a Jaén |b Universidad de Jaén |c 1997 | ||
| 300 | |a 780 p | ||
| 583 | |a last modification |c 19980710 00:00:00 |k Rodrigo Vera | ||
| 650 | 0 | 0 | |a Educación especial |9 307486 |
| 650 | 0 | 0 | |a Innovaciones pedagógicas |9 307471 |
| 650 | 0 | 0 | |a Congresos |9 257560 |
| 942 | |c BK | ||
| 945 | |a mvenant |d 19980710 00:00:00 | ||
| 546 | |a En Español | ||
| 536 | |a Universidad de Jaén | ||
| 518 | |p Jornadas Nacionales de Universidad y Educación Especial, 14, Jaén, | ||
| 999 | |c 383225 |d 383223 | ||
| 952 | |0 0 |1 0 |4 0 |6 371_920000000000000_TOR_1997 |7 0 |8 A |9 505285 |a BIBEDU |b BIBEDU |d 2020-01-23 |i 3440311 |o 371.92 TOR 1997 |p 3440311 |r 2020-01-23 |w 2020-01-23 |y BK |k BME | ||